Management Information Sytems:managingthe digital firm (Record no. 19172)
[ view plain ]
| 000 -LEADER | |
|---|---|
| fixed length control field | 00484nam a2200169 4500 |
| 020 ## - INTERNATIONAL STANDARD BOOK NUMBER | |
| International Standard Book Number | 9780136093688 |
| 082 ## - DEWEY DECIMAL CLASSIFICATION NUMBER | |
| Classification number | 658.4038LAU |
| 100 ## - MAIN ENTRY--PERSONAL NAME | |
| Personal name | LAUDON,Kenneth C. |
| 245 ## - TITLE STATEMENT | |
| Title | Management Information Sytems:managingthe digital firm |
| 250 ## - EDITION STATEMENT | |
| Edition statement | 11edition |
| 260 ## - PUBLICATION, DISTRIBUTION, ETC. | |
| Place of publication, distribution, etc. | Pearson Prentice Hall |
| Name of publisher, distributor, etc. | New Jersey |
| Date of publication, distribution, etc. | 2010 |
| 300 ## - PHYSICAL DESCRIPTION | |
| Extent | iii, 653p. |
| Other physical details | ill. |
| 500 ## - GENERAL NOTE | |
| General note | Include Index |
| 650 ## - SUBJECT ADDED ENTRY--TOPICAL TERM | |
| Topical term or geographic name entry element | Management Information Sytem:managing the digital firm |
| 700 ## - ADDED ENTRY--PERSONAL NAME | |
| Personal name | Jane P. Laudon |
| 942 ## - ADDED ENTRY ELEMENTS (KOHA) | |
| Koha item type | Books |
| Withdrawn status | Lost status | Source of classification or shelving scheme | Damaged status | Not for loan | Collection code | Home library | Current library | Shelving location | Date acquired | Total Checkouts | Full call number | Barcode | Date last seen | Price effective from | Koha item type |
|---|---|---|---|---|---|---|---|---|---|---|---|---|---|---|---|
| Dewey Decimal Classification | Non-fiction | IFM Main Campus Library | IFM Main Campus Library | Work Room processing | 11/20/2017 | 658.4038 LAU | 0000026898 | 11/20/2017 | 11/20/2017 | Books |
